Employment, wages and income distribution : critical essays in economics
Saved in:
| Main Author: | |
|---|---|
| Format: | Book |
| Language: | English |
| Published: |
London New York :
Routledge,
1993.
|
| Subjects: | |
| Tags: |
Add Tag
No Tags, Be the first to tag this record!
|
MARC
| LEADER | 00000cam a2200000 a 4500 | ||
|---|---|---|---|
| 001 | 1/118166 | ||
| 008 | 190304t1993####uk | ||| |||| ||eng|| | ||
| 020 | |a 0415085799 |q (σκληρό εξώφυλλο) | ||
| 040 | |a GR-MyUa |b gre |c GR-MyUa |e AACR2 | ||
| 041 | 0 | |a eng | |
| 082 | 7 | |a 331.125 |2 (23) | |
| 100 | 1 | |a Rothschild, Kurt W. |q (Kurt Wilhelm), |d 1914-2010. | |
| 245 | 1 | 0 | |a Employment, wages and income distribution : |b critical essays in economics / |c Kurt W. Rothschild. |
| 260 | |a London |a New York : |b Routledge, |c 1993. | ||
| 300 | |a xii, 342 σ. : |b διαγρ., πίν. ; |c 24 εκ. | ||
| 504 | |a Περιλαμβάνει βιβλιογραφικές παραπομπές και ευρετήριο. | ||
| 650 | 0 | |a Employment (Economic theory) | |
| 650 | 0 | |a Wages. | |
| 650 | 0 | |a Income distribution. | |
| 852 | |a INST |b CHIOS |c TSAMOYRGELIS |e 20190304 |h 331.125 ROT |p 005200037670 |q 005200037670 |t BK |y 0 | ||
| 970 | |a Σπέντζα |b Ελένη |z 04-03-2019 | ||